000 02344nam a22002417a 4500
003 NALT
005 20251107162913.0
008 220420b th ||||| |||| 00| 0 tha d
020 _a9786162872938
040 _aNALT
050 _aBF 481
_bย899น 2561
100 1 _957741
_aโยะชิฮิโตะ, วะกะมัตสึ
245 1 0 _aนิสัยการทำงานที่ไม่ธรรมดาของโตโยต้า /
_cวะกะมัตสึ โยะชิฮิโตะ ; โยซุเกะ แปล.
260 _aกรุงเทพฯ :
_bวีเลิร์น,
_c2561.
300 _a252 หน้า :
_bภาพประกอบ ;
_c19 ซม.
505 _aบทที่ 1 ทำไมนิสัยการทำงานที่ไม่ธรรมดาของโตโยต้าถึงทำให้ "พนักงานเติบโตขึ้น" -- บทที่ 2 ทำไมนิสัยการทำงานที่ไม่ธรรมดาของโตโยต้าถึงสามารถกำจัด "ความสูญเปล่า" ได้ -- บทที่ 3 ทำไมนิสัยการทำงานที่ไม่ธรรมดาของโตโยต้าถึงสามารถ "ลดต้นทุน" ได้ -- บทที่ 4 ทำไมนิสัยการทำงานที่ไม่ธรรมดาของโตโยต้าถึงทำให้ "เกิดความคิดดี ๆ" -- บทที่ 5 ทำไมนิสัยการทำงานที่ไม่ธรรมดาของโตโยต้าถึงทำให้ "องค์กรเติบโตขึ้น" -- บทที่ 6 ทำไมนิสัยการทำงานที่ไม่ธรรมดาของโตโยต้าถึงทำให้ "ทีมแข็งแกร่งขึ้น"
650 4 _9110
_aการทำงาน
_xแง่จิตวิทยา
650 4 _921510
_aการปรับพฤติกรรม
700 1 _aโยซุเกะ.
_922492
850 _aNALT
942 _2lcc
_cGB
998 _akornsiririn
_j111
_k นางสาวพจพิณ พรมเอี่ยม
999 _c99388
_d99388